000 00473nam a2200193Ia 4500
008 151121s9999||||xx |||||||||||||| ||und||
082 _a824/ROY
082 _bHNW-2866
100 _aROy M। N।
245 4 _aThe Russian Revolution
260 _b"D। M। Library, Calcutta"
260 _c--
300 _a98
600 _aROy M। N।
630 _aThe Russian Revolution
700 _aROy M। N।
730 _aThe Russian Revolution
942 _cBOOK
999 _c1211670
_d1211667